[Event "Catalunya-chT Gp2 Final"]
[Site "Barcelona"]
[Date "2023.03.11"]
[Round "1.4"]
[White "Travesset Sagre, Jan"]
[Black "Campos Cayuelas, Adria"]
[Result "1-0"]
[WhiteElo "2207"]
[BlackElo "2153"]
[PlyCount "61"]
[EventDate "2023.03.11"]
[EventType "team-k.o."]
[EventRounds "4"]
[EventCountry "ESP"]
[SourceTitle "EXT 2024"]
[Source "ChessBase"]
[SourceDate "2023.10.10"]
[SourceVersion "1"]
[SourceVersionDate "2023.10.10"]
[SourceQuality "1"]
[WhiteTeam "Sant Andreu"]
[BlackTeam "Sant Cugat"]
[WhiteTeamCountry "ESP"]
[BlackTeamCountry "ESP"]

1. d4 Nf6 2. c4 g6 3. Nf3 Bg7 4. g3 0-0 5. Bg2 d6 6. 0-0 Nc6 7. Nc3 a6 8. Bf4 Rb8 9. Rc1 Bd7 10. Qd2 Re8 11. Rfd1 b5 12. Nd5 Ne4 13. Qe3 f5 14. cxb5 axb5 15. Bh6 e6 16. Nc3 b4 17. Nxe4 fxe4 18. Bxg7 exf3 19. Bxf3 Kxg7 20. Bxc6 Rb6 21. Qe4 Kg8 22. Bxd7 Qxd7 23. Rd2 Reb8 24. Rdc2 R8b7 25. Qg4 Ra6 26. d5 Rxa2 27. dxe6 Qe7 28. Rc4 c5 29. Rf4 Qg7 30. Rd1 Ra6 31. Rf7 1-0

[Event "Catalunya-chT Gp1"]
[Site "Barcelona"]
[Date "2023.03.04"]
[Round "7.4"]
[White "Campos Cayuelas, Adria"]
[Black "Jose Abril, Ramon"]
[Result "1-0"]
[WhiteElo "2173"]
[BlackElo "2320"]
[PlyCount "61"]
[EventDate "2023.01.21"]
[EventType "team-tourn"]
[EventRounds "7"]
[EventCountry "ESP"]
[SourceTitle "CBM 213 Extra"]
[Source "ChessBase"]
[SourceDate "2023.05.31"]
[SourceVersion "1"]
[SourceVersionDate "2023.05.31"]
[SourceQuality "1"]
[WhiteTeam "Sant Cugat"]
[BlackTeam "Badalona Cor de Marina"]
[WhiteTeamCountry "ESP"]
[BlackTeamCountry "ESP"]

1. e4 c5 2. Nc3 g6 3. f4 Bg7 4. Nf3 Nc6 5. Bc4 e6 6. 0-0 Nge7 7. Qe1 0-0 8. d3 d5 9. Bb3 Nd4 10. Nxd4 cxd4 11. Ne2 dxe4 12. dxe4 a5 13. Bc4 Bd7 14. Bd3 Qb6 15. Qh4 Nc6 16. f5 f6 17. Bh6 g5 18. Qh5 Ne5 19. Bxg7 Kxg7 20. Ng3 Nxd3 21. fxe6 Bxe6 22. cxd3 Rac8 23. Rf2 Qb5 24. Qe2 Kh8 25. Raf1 Bxa2 26. Nh5 Bb3 27. Rf5 Qb6 28. Nxf6 h6 29. Qh5 Kg7 30. Rxg5+ hxg5 31. Qh7# 1-0

[Event "Catalunya-chT Gp1"]
[Site "Barcelona"]
[Date "2023.02.18"]
[Round "5.4"]
[White "Baches Garcia, Guillermo"]
[Black "Campos Cayuelas, Adria"]
[Result "1-0"]
[WhiteElo "2326"]
[BlackElo "2173"]
[PlyCount "53"]
[EventDate "2023.01.21"]
[EventType "team-tourn"]
[EventRounds "7"]
[EventCountry "ESP"]
[SourceTitle "CBM 213 Extra"]
[Source "ChessBase"]
[SourceDate "2023.05.31"]
[SourceVersion "1"]
[SourceVersionDate "2023.05.31"]
[SourceQuality "1"]
[WhiteTeam "Valls"]
[BlackTeam "Sant Cugat"]
[WhiteTeamCountry "ESP"]
[BlackTeamCountry "ESP"]

1. e4 e6 2. Nf3 d5 3. exd5 exd5 4. d4 Bd6 5. c4 Nf6 6. Nc3 0-0 7. cxd5 Re8+ 8. Be2 Be7 9. Qb3 Nbd7 10. Ne5 Nb6 11. d6 Bxd6 12. Nxf7 Be6 13. Nxd8 Bxb3 14. Nxb7 Bc4 15. Nxd6 cxd6 16. Be3 Rac8 17. Rc1 Bxe2 18. Kxe2 Ng4 19. h3 Nxe3 20. fxe3 d5 21. b3 Rc7 22. Kd3 Rec8 23. Ne2 g5 24. Rxc7 Rxc7 25. Rf1 Kg7 26. Nc3 Kg6 27. g4 1-0

[Event "Catalunya-chT Gp1"]
[Site "Barcelona"]
[Date "2023.01.21"]
[Round "?"]
[White "Campos Cayuelas, Adria"]
[Black "Munoz Pantoja, Miguel Angel"]
[Result "1/2-1/2"]
[WhiteElo "2173"]
[BlackElo "2359"]
[PlyCount "121"]
[EventDate "2023.01.21"]
[EventType "team-tourn"]
[EventRounds "7"]
[EventCountry "ESP"]
[SourceTitle "CBM 212 Extra"]
[Source "ChessBase"]
[SourceDate "2023.03.31"]
[SourceVersion "1"]
[SourceVersionDate "2023.03.31"]
[SourceQuality "1"]
[WhiteTeam "Sant Cugat"]
[BlackTeam "Lira Vendrellenca"]
[WhiteTeamCountry "ESP"]
[BlackTeamCountry "ESP"]

1. e4 d5 2. exd5 Qxd5 3. Nf3 Bg4 4. Be2 Nc6 5. h3 Bxf3 6. Bxf3 Qe6+ 7. Qe2 Qxe2+ 8. Bxe2 Nd4 9. Bd1 e5 10. d3 0-0-0 11. 0-0 f5 12. Nd2 Nf6 13. Re1 Bd6 14. Nc4 Rhe8 15. a4 e4 16. dxe4 Nxe4 17. c3 Nc6 18. Bc2 Bc5 19. Be3 g6 20. Rad1 Rxd1 21. Rxd1 Bxe3 22. Nxe3 Nd6 23. Kf1 Re5 24. Rd5 Re8 25. Rd1 f4 26. Nd5 Rf8 27. Re1 f3 28. Ne7+ Kd7 29. Nxc6 fxg2+ 30. Kxg2 bxc6 31. b3 Nf7 32. f4 Nd6 33. Kg3 Nf5+ 34. Kg4 Ne7 35. Re5 Nd5 36. f5 Kd6 37. Re6+ Kd7 38. c4 Ne7 39. Re5 Kd6 40. Kf4 c5 41. h4 gxf5 42. h5 Rb8 43. Bxf5 Nxf5 44. Rxf5 Rxb3 45. Kg5 Rb4 46. Rf4 Ke5 47. Rf5+ Kd4 48. Kh6 Rxa4 49. Kxh7 Ra1 50. Rf4+ Kc3 51. Rg4 Rh1 52. h6 a5 53. Kg6 a4 54. Rg5 Rxh6+ 55. Kxh6 Kxc4 56. Rg8 a3 57. Ra8 Kb3 58. Rb8+ Kc2 59. Ra8 Kb2 60. Rb8+ Kc2 61. Ra8 1/2-1/2

[Event "Catalunya-chT Gp1"]
[Site "Barcelona"]
[Date "2022.02.12"]
[Round "4.3"]
[White "Garrido Fernandez, Daniel"]
[Black "Campos Cayuelas, Adria"]
[Result "1-0"]
[WhiteElo "2266"]
[BlackElo "2144"]
[PlyCount "63"]
[EventDate "2022.01.22"]
[EventType "team-tourn"]
[EventRounds "9"]
[EventCountry "ESP"]
[SourceTitle "CBM 208 Extra"]
[Source "ChessBase"]
[SourceDate "2022.07.31"]
[SourceVersion "1"]
[SourceVersionDate "2022.07.31"]
[SourceQuality "1"]
[WhiteTeam "Foment Martinenc"]
[BlackTeam "Sant Cugat"]
[WhiteTeamCountry "ESP"]
[BlackTeamCountry "ESP"]

1. e4 e6 2. d4 d5 3. e5 c5 4. c3 Nc6 5. Nf3 Qb6 6. Bd3 cxd4 7. 0-0 Bd7 8. Re1 Rc8 9. Qe2 Nge7 10. h4 h5 11. Nbd2 g6 12. Nb3 dxc3 13. bxc3 Nf5 14. Rb1 Qd8 15. g3 a6 16. Bg5 Qc7 17. Bf6 Rh7 18. c4 dxc4 19. Bxc4 b5 20. Bd3 Ba3 21. Ng5 Rh6 22. Ne4 Nxe5 23. Bg5 Be7 24. Bxh6 Nxh6 25. Rbc1 Qb8 26. Nec5 Nxd3 27. Qxd3 Bc6 28. Nxe6 fxe6 29. Qxg6+ Nf7 30. Qxe6 Qb7 31. Na5 Qd7 32. Rxc6 1-0

[Event "Barcelona op"]
[Site "Barcelona"]
[Date "2020.07.13"]
[Round "3.4"]
[White "Gonzalez Alonso, Marti"]
[Black "Campos Cayuelas, Adria"]
[Result "0-1"]
[WhiteElo "2108"]
[BlackElo "2249"]
[PlyCount "36"]
[EventDate "2020.07.11"]
[EventType "swiss"]
[EventRounds "9"]
[EventCountry "ESP"]
[SourceTitle "EXT 2024"]
[Source "ChessBase"]
[SourceDate "2023.10.10"]
[SourceVersion "1"]
[SourceVersionDate "2023.10.10"]
[SourceQuality "1"]

1. e4 c5 2. c4 Nc6 3. Nc3 g6 4. g3 Bg7 5. Bg2 e6 6. Nge2 Nge7 7. d3 0-0 8. 0-0 a6 9. Be3 Nd4 10. Rb1 Nec6 11. a3 Qe7 12. Qd2 Rb8 13. b4 b5 14. bxc5 Qxc5 15. cxb5 axb5 16. Nxd4 Bxd4 17. Bxd4 Nxd4 18. Qb2 Qxc3 0-1

[Event "ESP-ch rapid"]
[Site "Linares"]
[Date "2019.08.24"]
[Round "9"]
[White "Campos Cayuelas, Adria"]
[Black "Lopez Varela, Pablo"]
[Result "1/2-1/2"]
[WhiteElo "2157"]
[BlackElo "2020"]
[PlyCount "83"]
[EventDate "2019.08.24"]
[EventType "swiss (rapid)"]
[EventRounds "9"]
[EventCountry "ESP"]
[SourceTitle "EXT 2020"]
[Source "ChessBase"]
[SourceDate "2019.10.17"]
[SourceVersion "1"]
[SourceVersionDate "2019.10.17"]
[SourceQuality "1"]

1. e4 c5 2. Nc3 e6 3. f4 Nc6 4. Nf3 Nge7 5. d4 cxd4 6. Nxd4 Nxd4 7. Qxd4 Nc6 8. Qf2 Qc7 9. Be3 a6 10. Be2 b5 11. Bf3 Bb7 12. 0-0 Be7 13. e5 d6 14. exd6 Bxd6 15. Ne4 Be7 16. Bb6 Qb8 17. Nc5 Bxc5 18. Bxc5 Ne7 19. Rad1 Bxf3 20. Qxf3 Qc8 21. b4 Qc6 22. Qg4 Nd5 23. Rxd5 Qxd5 24. Rd1 h5 25. Qe2 Qb7 26. Qe5 Rh7 27. f5 Rd8 28. Rxd8+ Kxd8 29. Qd6+ Qd7 30. Qb8+ Qc8 31. Qd6+ Qd7 32. Qb8+ Qc8 33. Qb6+ Qc7 34. Qxa6 Qe5 35. Qb6+ Kc8 36. Qa6+ Kd8 37. Qa8+ Kc7 38. Qa7+ Kc8 39. Qa6+ Kd8 40. Qb6+ Kc8 41. Qc6+ Kd8 42. Qb6+ 1/2-1/2

[Event "ESP-ch rapid"]
[Site "Linares"]
[Date "2019.08.24"]
[Round "1"]
[White "Campos Cayuelas, Adria"]
[Black "Narciso Dublan, Marc"]
[Result "0-1"]
[WhiteElo "2157"]
[BlackElo "2483"]
[PlyCount "106"]
[EventDate "2019.08.24"]
[EventType "swiss (rapid)"]
[EventRounds "9"]
[EventCountry "ESP"]
[SourceTitle "EXT 2020"]
[Source "ChessBase"]
[SourceDate "2019.10.17"]
[SourceVersion "1"]
[SourceVersionDate "2019.10.17"]
[SourceQuality "1"]

1. e4 c6 2. d4 d5 3. e5 c5 4. dxc5 e6 5. Be3 Nd7 6. c3 Nxe5 7. Bd4 Nc6 8. Nf3 Nge7 9. Bb5 Bd7 10. 0-0 Nf5 11. Re1 Be7 12. Bxc6 Bxc6 13. Ne5 Qc7 14. Nd2 0-0 15. Ndf3 Be8 16. Nd3 Bb5 17. b4 a5 18. a3 axb4 19. Be5 Qd7 20. cxb4 f6 21. Bb2 e5 22. Nc1 Ba4 23. Qe2 Rfe8 24. Na2 Bb5 25. Qd2 d4 26. Nc1 Bc6 27. Qd1 Rad8 28. Nd2 Qd5 29. Qb3 Nh4 30. f3 Ng6 31. Nd3 Bb5 32. Qxd5+ Rxd5 33. Nf2 Ra8 34. g3 f5 35. h4 Ra6 36. h5 Nh8 37. Nb3 Bf6 38. Nd2 Nf7 39. g4 Bg5 40. Rad1 Ba4 41. gxf5 Bxd1 42. Rxd1 Rf6 43. Nfe4 Rxf5 44. Nc4 Rxf3 45. Kg2 Rf4 46. Ncd6 Nxd6 47. Nxd6 Rxd6 48. cxd6 Rf6 49. Bc1 Bxc1 50. Rxc1 Rxd6 51. Rc8+ Kf7 52. Rc7+ Kf6 53. Rxb7 d3 0-1

[Event "Catalunya-ch"]
[Site "Vila Seca"]
[Date "2019.04.21"]
[Round "6"]
[White "Valenzuela Gomez, Fernando Alberto"]
[Black "Campos Cayuelas, Adria"]
[Result "1-0"]
[WhiteElo "2406"]
[BlackElo "2162"]
[PlyCount "65"]
[EventDate "2019.04.18"]
[EventType "swiss"]
[EventRounds "8"]
[EventCountry "ESP"]
[SourceTitle "CBM 189 Extra"]
[Source "ChessBase"]
[SourceDate "2019.06.03"]
[SourceVersion "1"]
[SourceVersionDate "2019.06.03"]
[SourceQuality "1"]

1. d4 Nf6 2. c4 g6 3. Nc3 Bg7 4. e4 d6 5. Nf3 Bg4 6. Be2 0-0 7. Be3 Nfd7 8. Qd2 e5 9. d5 a5 10. h4 Na6 11. h5 Bxf3 12. gxf3 f6 13. hxg6 hxg6 14. 0-0-0 Kf7 15. f4 exf4 16. Bxf4 Rh8 17. Rhg1 Nac5 18. Bg4 Qe8 19. Rg2 Ne5 20. Be2 Rh4 21. f3 Qh8 22. Be3 Rh2 23. Rxh2 Qxh2 24. Kb1 Rh8 25. Nb5 Na6 26. c5 Bf8 27. c6 Qg2 28. cxb7 Be7 29. a3 Nxf3 30. Qc2 Ne5 31. Na7 Nc5 32. Bxc5 dxc5 33. d6 1-0

[Event "Catalunya-ch"]
[Site "Vila Seca"]
[Date "2019.04.19"]
[Round "2"]
[White "Ayats Llobera, Gerard"]
[Black "Campos Cayuelas, Adria"]
[Result "1-0"]
[WhiteElo "2363"]
[BlackElo "2162"]
[PlyCount "57"]
[EventDate "2019.04.18"]
[EventType "swiss"]
[EventRounds "8"]
[EventCountry "ESP"]
[SourceTitle "CBM 189 Extra"]
[Source "ChessBase"]
[SourceDate "2019.06.03"]
[SourceVersion "1"]
[SourceVersionDate "2019.06.03"]
[SourceQuality "1"]

1. e4 e6 2. d4 d5 3. e5 c5 4. c3 Nc6 5. Nf3 Qb6 6. a3 cxd4 7. cxd4 Nge7 8. Nc3 Nf5 9. Na4 Qd8 10. b4 Bd7 11. Bb2 Be7 12. Bd3 0-0 13. 0-0 Rc8 14. g3 g6 15. Re1 Kh8 16. Kg2 Kg7 17. h4 Qe8 18. Bxf5 gxf5 19. Nc5 b6 20. Nd3 Kh8 21. Bc1 Rg8 22. Bg5 Bxg5 23. hxg5 Ne7 24. Nf4 Ba4 25. Qd2 Rc2 26. Qe3 Qc6 27. Rh1 Rc3 28. Qe1 Bc2 29. Rxh7+ 1-0

[Event "Catalunya-chT Gp1"]
[Site "Barcelona"]
[Date "2019.02.23"]
[Round "6.9"]
[White "Alvarez Albiol, Victor"]
[Black "Campos Cayuelas, Adria"]
[Result "1/2-1/2"]
[WhiteElo "2117"]
[BlackElo "2165"]
[PlyCount "51"]
[EventDate "2019.01.19"]
[EventType "team-tourn"]
[EventRounds "7"]
[EventCountry "ESP"]
[SourceTitle "CBM 189 Extra"]
[Source "ChessBase"]
[SourceDate "2019.06.03"]
[SourceVersion "1"]
[SourceVersionDate "2019.06.03"]
[SourceQuality "1"]
[WhiteTeam "Foment Martinenc"]
[BlackTeam "Colon Sabadell"]
[WhiteTeamCountry "ESP"]
[BlackTeamCountry "ESP"]

1. e4 c5 2. Nf3 d6 3. Bb5+ Nd7 4. 0-0 a6 5. Bd3 g6 6. c3 Bg7 7. Bc2 e6 8. Qe2 Ne7 9. d4 0-0 10. Nbd2 d5 11. Rd1 cxd4 12. Nxd4 Nc6 13. N2f3 Nxd4 14. Nxd4 e5 15. Nb3 dxe4 16. Bxe4 Qc7 17. Be3 f5 18. Bd5+ Kh8 19. Qc4 Qxc4 20. Bxc4 f4 21. Bc5 Nxc5 22. Nxc5 b6 23. Ne4 Bf5 24. Bd5 Bxe4 25. Bxe4 Rad8 26. f3 1/2-1/2

[Event "Catalunya-chT Gp1"]
[Site "Barcelona"]
[Date "2019.02.09"]
[Round "4.9"]
[White "Codina Garcia, Jose"]
[Black "Campos Cayuelas, Adria"]
[Result "0-1"]
[WhiteElo "2081"]
[BlackElo "2165"]
[PlyCount "120"]
[EventDate "2019.01.19"]
[EventType "team-tourn"]
[EventRounds "7"]
[EventCountry "ESP"]
[SourceTitle "CBM 188 Extra"]
[Source "ChessBase"]
[SourceDate "2019.02.26"]
[SourceVersion "1"]
[SourceVersionDate "2019.02.26"]
[SourceQuality "1"]
[WhiteTeam "Lleida"]
[BlackTeam "Colon Sabadell"]
[WhiteTeamCountry "ESP"]
[BlackTeamCountry "ESP"]

1. d4 Nf6 2. Nf3 g6 3. g3 Bg7 4. Bg2 0-0 5. 0-0 d6 6. c4 Nc6 7. Nc3 a6 8. d5 Na5 9. Qd3 c5 10. dxc6 Nxc6 11. e4 Nd7 12. Bd2 Nc5 13. Qe3 Rb8 14. Rab1 b5 15. cxb5 axb5 16. b4 Ne6 17. Ne2 Ra8 18. a3 Bd7 19. Rb3 Ne5 20. Nxe5 dxe5 21. Bc1 Nd4 22. Rd3 Bg4 23. Nxd4 exd4 24. Qd2 e5 25. Re1 Be6 26. Bf1 Bc4 27. Rf3 Qb6 28. g4 Kh8 29. Rh3 Qe6 30. Rg3 Bxf1 31. Rxf1 f5 32. gxf5 gxf5 33. Qg5 Ra7 34. exf5 Rxf5 35. Qg4 Raf7 36. Qe4 Qa2 37. f4 Qc4 38. Rgf3 exf4 39. Bxf4 d3 40. Qxd3 Qxd3 41. Rxd3 Rxf4 42. Rxf4 Rxf4 43. Rd5 Bb2 44. Rxb5 Bxa3 45. Rb7 Bxb4 46. Kg2 Bd6 47. Rd7 Rf6 48. h3 h6 49. Rb7 Bf4 50. Rb3 Bd6 51. Rf3 Rg6+ 52. Kf2 Kg7 53. Ke3 h5 54. Kf2 h4 55. Rd3 Bc5+ 56. Kf3 Rg3+ 57. Ke2 Kg6 58. Rd5 Be3 59. Rd3 Bf4 60. Rf3 Kf5 0-1

[Event "Roncana op-A 12th"]
[Site "Santa Eulalia de Roncana"]
[Date "2018.11.17"]
[Round "7"]
[White "Campos Cayuelas, Adria"]
[Black "Fernandez Diaz, Cristian"]
[Result "1/2-1/2"]
[WhiteElo "2187"]
[BlackElo "2221"]
[PlyCount "54"]
[EventDate "2018.09.29"]
[EventType "swiss"]
[EventRounds "8"]
[EventCountry "ESP"]
[SourceTitle "CBM 187 Extra"]
[Source "ChessBase"]
[SourceDate "2018.11.04"]
[SourceVersion "1"]
[SourceVersionDate "2018.11.04"]
[SourceQuality "1"]

1. e4 d6 2. d4 Nf6 3. Nc3 e5 4. Nf3 Nbd7 5. Bc4 Be7 6. 0-0 0-0 7. h3 Nb6 8. Be2 exd4 9. Nxd4 c5 10. Nf3 Be6 11. a4 h6 12. Bf4 d5 13. a5 dxe4 14. Qxd8 Raxd8 15. axb6 exf3 16. Bxf3 axb6 17. Ra7 Bc8 18. Rd1 Rd4 19. Rxd4 cxd4 20. Nb5 Bc5 21. Be5 Rd8 22. Ra8 Re8 23. Bxd4 Bd7 24. Rxe8+ Nxe8 25. Bxc5 bxc5 26. Nc3 Nd6 27. Ne4 Nxe4 1/2-1/2

[Event "Roncana op-A 12th"]
[Site "Santa Eulalia de Roncana"]
[Date "2018.09.29"]
[Round "1"]
[White "Campos Cayuelas, Adria"]
[Black "Barroso Lancharro, Oscar"]
[Result "1-0"]
[WhiteElo "2187"]
[BlackElo "1761"]
[PlyCount "81"]
[EventDate "2018.09.29"]
[EventType "swiss"]
[EventRounds "8"]
[EventCountry "ESP"]
[SourceTitle "CBM 187 Extra"]
[Source "ChessBase"]
[SourceDate "2018.11.04"]
[SourceVersion "1"]
[SourceVersionDate "2018.11.04"]
[SourceQuality "1"]

1. d4 d5 2. Nc3 c6 3. f3 Nf6 4. e4 dxe4 5. fxe4 Bg4 6. Be2 Bxe2 7. Ngxe2 Nbd7 8. e5 Nd5 9. Nxd5 cxd5 10. 0-0 e6 11. Nf4 Qb6 12. Kh1 Be7 13. Nh5 0-0-0 14. Rxf7 g6 15. Ng7 Bf8 16. Bg5 Bxg7 17. Bxd8 Qxd8 18. Rxg7 Qf8 19. Rxd7 Kxd7 20. Qf1 Qxf1+ 21. Rxf1 Ke7 22. g3 Rf8 23. Rxf8 Kxf8 24. Kg2 Kg7 25. Kf3 g5 26. Ke3 h5 27. h3 Kg6 28. g4 b5 29. Kd3 hxg4 30. hxg4 Kf7 31. Kc3 a5 32. Kb3 Ke7 33. a4 b4 34. c3 bxc3 35. Kxc3 Kd7 36. b4 axb4+ 37. Kxb4 Kc6 38. Ka5 Kc7 39. Kb5 Kb7 40. Kc5 Kc7 41. a5 1-0

[Event "Barbera del Valles op 41st"]
[Site "Barbera del Valles"]
[Date "2018.07.10"]
[Round "7"]
[White "Del Amo Carbo, Jordi"]
[Black "Campos Cayuelas, Adria"]
[Result "0-1"]
[WhiteElo "2196"]
[BlackElo "2175"]
[PlyCount "98"]
[EventDate "2018.07.04"]
[EventType "swiss"]
[EventRounds "9"]
[EventCountry "ESP"]
[SourceTitle "CBM 185 Extra"]
[Source "ChessBase"]
[SourceDate "2018.07.29"]
[SourceVersion "1"]
[SourceVersionDate "2018.07.29"]
[SourceQuality "1"]

1. d4 Nf6 2. c4 g6 3. Nc3 Bg7 4. e4 d6 5. f3 0-0 6. Be3 Nc6 7. Nge2 a6 8. Qd2 Rb8 9. Nc1 e5 10. d5 Nd4 11. Nb3 c5 12. dxc6 bxc6 13. Nxd4 exd4 14. Bxd4 Re8 15. Be2 d5 16. cxd5 cxd5 17. e5 Nd7 18. f4 f6 19. e6 Rxe6 20. 0-0 f5 21. Bxg7 Kxg7 22. Bf3 Nf6 23. Rad1 Qb6+ 24. Qf2 Qxb2 25. Nxd5 Nxd5 26. Rxd5 Qxf2+ 27. Rxf2 Re1+ 28. Rf1 Rxf1+ 29. Kxf1 Be6 30. Rd2 Rb4 31. g3 Ra4 32. Bd5 Bxd5 33. Rxd5 Rxa2 34. Rd7+ Kh6 35. h3 a5 36. Ra7 a4 37. Kg1 a3 38. g4 g5 39. fxg5+ Kxg5 40. gxf5 Kxf5 41. Rf7+ Ke4 42. Ra7 h5 43. h4 Kf3 44. Ra8 Kg3 45. Rg8+ Kxh4 46. Ra8 Kh3 47. Rc8 Rg2+ 48. Kh1 a2 49. Rc3+ Rg3 0-1

[Event "Barbera del Valles op 41st"]
[Site "Barbera del Valles"]
[Date "2018.07.05"]
[Round "2"]
[White "Campos Cayuelas, Adria"]
[Black "Fernandez Cardoso, Alexey"]
[Result "1-0"]
[WhiteElo "2175"]
[BlackElo "2439"]
[PlyCount "107"]
[EventDate "2018.07.04"]
[EventType "swiss"]
[EventRounds "9"]
[EventCountry "ESP"]
[SourceTitle "CBM 185 Extra"]
[Source "ChessBase"]
[SourceDate "2018.07.29"]
[SourceVersion "1"]
[SourceVersionDate "2018.07.29"]
[SourceQuality "1"]

1. e4 c5 2. Nf3 e6 3. d4 cxd4 4. Nxd4 a6 5. Bd3 Nf6 6. 0-0 e5 7. Nf3 Nc6 8. Bg5 Bc5 9. Nc3 h6 10. Bxf6 Qxf6 11. Nd5 Qd8 12. Nd2 0-0 13. a4 d6 14. Nc4 Be6 15. Nce3 g6 16. Kh1 Rc8 17. c3 Ne7 18. Bc2 Kg7 19. Bb3 Nc6 20. Bc2 Ba7 21. Qe2 Qg5 22. Rfd1 f5 23. f3 Ne7 24. Nxe7 Qxe7 25. Nd5 Qf7 26. Rd2 f4 27. Rad1 g5 28. a5 Rcd8 29. Bb3 g4 30. Bc4 Kh8 31. Nb6 Bxb6 32. Bxe6 Qxe6 33. axb6 Rg8 34. c4 Qe7 35. fxg4 Kh7 36. b4 Qf6 37. c5 dxc5 38. bxc5 Rxd2 39. Rxd2 Rc8 40. Rd5 a5 41. Qb5 Rc6 42. Qd3 a4 43. Rd7+ Kg6 44. Qd5 Re6 45. Qd3 Qh4 46. h3 Qe1+ 47. Kh2 Qe3 48. Rd6 Kg5 49. Qd1 Re8 50. h4+ Kxh4 51. Rxh6+ Kg5 52. Rh5+ Kf6 53. Qd6+ Re6 54. Qf8+ 1-0

[Event "Foment Martinenc op-A 20th"]
[Site "Barcelona"]
[Date "2018.06.02"]
[Round "7"]
[White "Povill Batlle, Ramon"]
[Black "Campos Cayuelas, Adria"]
[Result "0-1"]
[WhiteElo "1937"]
[BlackElo "2113"]
[PlyCount "48"]
[EventDate "2018.04.21"]
[EventType "swiss"]
[EventRounds "9"]
[EventCountry "ESP"]
[SourceTitle "CBM 184 Extra"]
[Source "ChessBase"]
[SourceDate "2018.06.28"]
[SourceVersion "1"]
[SourceVersionDate "2018.06.28"]
[SourceQuality "1"]

1. e4 e6 2. d4 d5 3. Nc3 Nf6 4. e5 Nfd7 5. Nf3 c5 6. Bg5 Qb6 7. dxc5 Bxc5 8. Qd2 0-0 9. Bh4 Nc6 10. Na4 Qb4 11. Nxc5 Qxc5 12. Bg3 f6 13. exf6 Rxf6 14. c3 e5 15. Rd1 e4 16. b4 Qf8 17. Qxd5+ Kh8 18. Qxe4 Nb6 19. Rd6 Bf5 20. Rxf6 Qxf6 21. Qe3 Nd5 22. Be5 Qe7 23. Qc5 Qxe5+ 24. Kd2 Rd8 0-1

[Event "Foment Martinenc op-A 20th"]
[Site "Barcelona"]
[Date "2018.05.05"]
[Round "3"]
[White "Campos Cayuelas, Adria"]
[Black "Martin Barcelo, Carles"]
[Result "1-0"]
[WhiteElo "2113"]
[BlackElo "1845"]
[PlyCount "59"]
[EventDate "2018.04.21"]
[EventType "swiss"]
[EventRounds "9"]
[EventCountry "ESP"]
[SourceTitle "CBM 184 Extra"]
[Source "ChessBase"]
[SourceDate "2018.06.28"]
[SourceVersion "1"]
[SourceVersionDate "2018.06.28"]
[SourceQuality "1"]

1. e4 e6 2. d4 d5 3. Nc3 Nf6 4. Bg5 Be7 5. e5 Nfd7 6. h4 h6 7. Qh5 g6 8. Bxe7 Qxe7 9. Qg4 h5 10. Qf4 a6 11. Nf3 c5 12. 0-0-0 Nc6 13. dxc5 Nxc5 14. Ng5 b5 15. g4 b4 16. Ne2 hxg4 17. Bg2 Bb7 18. Nd4 Nxd4 19. Rxd4 Rc8 20. Kb1 a5 21. Qxg4 Qc7 22. Qf4 Na6 23. Rc1 Qe7 24. Bf1 Rc5 25. Qg3 Nb8 26. Rf4 Rf8 27. Bd3 Kd8 28. Bxg6 fxg6 29. Rxf8+ Kc7 30. Rf7 1-0

[Event "Foment Martinenc op-A 20th"]
[Site "Barcelona"]
[Date "2018.04.21"]
[Round "1"]
[White "Vigier Lopez, Carlos"]
[Black "Campos Cayuelas, Adria"]
[Result "0-1"]
[WhiteElo "1843"]
[BlackElo "2113"]
[PlyCount "72"]
[EventDate "2018.04.21"]
[EventType "swiss"]
[EventRounds "9"]
[EventCountry "ESP"]
[SourceTitle "CBM 184 Extra"]
[Source "ChessBase"]
[SourceDate "2018.06.28"]
[SourceVersion "1"]
[SourceVersionDate "2018.06.28"]
[SourceQuality "1"]

1. e4 c5 2. Nf3 d6 3. d3 g6 4. g3 Bg7 5. Bg2 Nc6 6. 0-0 e6 7. Qe2 Nge7 8. c3 0-0 9. Be3 b6 10. d4 a5 11. Qd2 Qc7 12. Bh6 Ba6 13. Re1 Rfd8 14. Bxg7 Kxg7 15. Na3 d5 16. e5 cxd4 17. cxd4 Rac8 18. Rac1 Qb7 19. Nc2 Rc7 20. h4 Rdc8 21. Qf4 Bd3 22. Qf6+ Kg8 23. Ne3 Nxd4 24. Ng5 Nef5 25. Rxc7 Qxc7 26. Rd1 Nxe3 27. fxe3 Ne2+ 28. Kf2 Rf8 29. Rd2 Nc1 30. Bh3 Qd8 31. Qf3 h6 32. Nxf7 Qe7 33. Nxh6+ Kg7 34. Nf5+ Bxf5 35. Ke1 Bxh3 36. Qh1 Rf1+ 0-1

[Event "Sabadell Coral Colon op 12th"]
[Site "Sabadell"]
[Date "2018.02.23"]
[Round "3"]
[White "Roig Gorina, Harold"]
[Black "Campos Cayuelas, Adria"]
[Result "0-1"]
[WhiteElo "1863"]
[BlackElo "2113"]
[PlyCount "94"]
[EventDate "2018.02.09"]
[EventType "swiss"]
[EventRounds "9"]
[EventCountry "ESP"]
[SourceTitle "EXT 2019"]
[Source "ChessBase"]
[SourceDate "2018.10.10"]
[SourceVersion "1"]
[SourceVersionDate "2018.10.10"]
[SourceQuality "1"]

1. d4 Nf6 2. c4 g6 3. Nc3 Bg7 4. e4 d6 5. Be2 0-0 6. Bg5 c5 7. Nf3 cxd4 8. Nxd4 Nc6 9. 0-0 Nd7 10. Be3 Nc5 11. Rc1 Ne6 12. Nxe6 Bxe6 13. Qd2 Qa5 14. Rfd1 Rfc8 15. b3 a6 16. Na4 Qxd2 17. Rxd2 Re8 18. Nb6 Rab8 19. f4 f5 20. Bf3 fxe4 21. Bxe4 Bf5 22. Bxf5 gxf5 23. Rd5 e5 24. Rxd6 exf4 25. Bc5 Re2 26. Rcd1 Rbe8 27. R6d2 f3 28. gxf3 Bh6 29. Rxe2 Rxe2 30. Nd5 Ne5 31. Ne7+ Kf7 32. Nxf5 Bf4 33. Nd6+ Kg6 34. Nxb7 Nxf3+ 35. Kf1 Rxh2 36. Rd8 Nd2+ 37. Kg1 Re2 38. Bf2 Ne4 39. Rg8+ Kf5 40. Rg2 Rxa2 41. Be1 Ra1 42. Re2 Ng3 43. Re8 Ne4 44. Kf1 Bg3 45. c5 Rxe1+ 46. Kg2 Re2+ 47. Kg1 Bh2+ 0-1

[Event "Sabadell op-B 10th"]
[Site "Sabadell"]
[Date "2017.09.06"]
[Round "6"]
[White "Campos Cayuelas, Adria"]
[Black "Morais Carreras, Javier"]
[Result "1-0"]
[WhiteElo "2096"]
[BlackElo "1897"]
[PlyCount "49"]
[EventDate "2017.09.01"]
[EventType "swiss"]
[EventRounds "9"]
[EventCountry "ESP"]
[SourceTitle "EXT 2019"]
[Source "ChessBase"]
[SourceDate "2018.10.10"]
[SourceVersion "1"]
[SourceVersionDate "2018.10.10"]
[SourceQuality "1"]

1. d4 d5 2. Nc3 g6 3. Nf3 Bg7 4. Bf4 c6 5. Qd2 Nf6 6. 0-0-0 a5 7. Ne5 a4 8. Bh6 0-0 9. h4 b5 10. f3 b4 11. Nb1 a3 12. b3 c5 13. h5 c4 14. Bxg7 cxb3 15. Qh6 Qc7 16. axb3 Bf5 17. e4 Rc8 18. c4 a2 19. exf5 Qa5 20. Bd3 a1Q 21. Bxf6 Q5a3+ 22. Kd2 Q3b2+ 23. Ke1 exf6 24. hxg6 Rc7 25. gxh7+ 1-0